000
00198 a2200097 4500
001
1217
100
_a
Hritnoe, J
245
_a
Automotive mechanics
260
_a
_b
Mcgrawhill
_c
090
_c
779
_d
779
942
_a
NUST-CAE
_c
M
_c
34477
999
_c
236290
_d
236290